Datum a čas kvízu
35
Celkem bodů
Celkový počet nahraných bodů na tomto kvízu bez doplňovacích otázek.
8.
Pořadí na kvízu
Konečné umístění týmu na tomto kvízu.
Zaznamenané odpovědi
| # | Otázka | Odpověď | Body | Výsledky |
|---|---|---|---|---|
| 1. | Jedno české město řeší bizarní... | D | 1 | |
| 2. | Jedna země si minulý týden zvo... | Maďarsko | 1 | |
| 3. | Ve čtvrtek měla premiéru komed... | Betlémské světlo | 1 | |
| 4. | Česká vláda zrušila s platnost... | elektronická evidence tržeb (EET) | 1 | |
| 5. | Českou hokejovou reprezentaci... | Kari Jalonen | 1 | |
| 6. | V dalším díle této tematické s... | jinan (dvoulaločný) | 1 | |
| 7. | Wapiti sibiřský žije v lesích... | D | 1 | |
| 8. | Tito drobní primáti nejsou poz... | nártoun | 0 | |
| 9. | Tento zemědělsky významný rod... | čirok | 0 | |
| 10. | Tento vačnatec je endemitem No... | kuskus | 0 |